000 03437nam a22004097a 4500
005 20110426154449.0
008 090408t xxu||||| |||| 00| 0 hin d
010 _aHIN-96617-19 B-488819-821
020 _a9788179753903 सेट
_c2700.00 तीन भागों का
020 _a9788179753910 V-1
020 _a9788179753927 V-2
020 _a9788179753934 V-3
035 _aHN-68963-65 B-488819-821
037 _bDBAD / PUB
037 _bकल्पना बुक डिस्ट्रीब्यूटर्स
040 _aDPL
_bHN
082 _a808.88
100 _927482
245 _aनवजागरणकालीन पत्रकारिता और मतवाला /
_cकर्मेन्दु शिशिर द्वारा संपादित
260 _aनई दिल्ली
_bअनामिका पब्लिशर्स एंड डिस्ट्रीब्यूटर्स
_c2012
270 _a4697/3,21 ए,अंसारी रोड,दरिया गंज
_bनई दिल्ली
_e110002
_k011-23281655
_l011-27868035
300 _aभा-1,356,भा-2,363,भा-3,431पृ
_c22 सेमी (सजिल्द)
500 _aतीन भागों में
650 _91169
650 _91170
700 _927483
_aकर्मेन्दु शिशिर
710 _952094
942 _adpl
_cHN
_2ddc
_mनवजा
_h808.88
999 _c69777
_d69777